000 00247nam a2200109 a 4500
008 110419s1971|||| d
245 1 0 _aSlovensko 1
_bDejiny
260 _bObzor
_aBratislava
_c1971
020 _c120
044 _axo
_cSK
041 _aslo
999 _c19136
_d19136